00944 a2200169 45000010006000000050017000060080041000230030015000640400040000790800035001192450051001540200018002052640051002233000019002745050458002931000023007511963020260407155500.0260407a1983 arg spa dAR-UNSa-BCEJYS aAR-UNSa-BCEJYSbspacAR-UNSa-BCEJYS a347.72xSociedades comerciales10aSociedad de economía mixta y sociedad minera a950-069-042-X 1aBuenos Aires :bAbaco de Rodolfo Depalmac1983 a162 p.c23 cm. aI. Sociedad de economía mixta: 1. Conceptos y elementos generales - 2. Persona pública o privada. Bancos mixtos provinciales - 3. Tipo societario. Distinción de los entes públicos no estatales - 4. Aspectos sobre responsabilidad - 5. Capital social. Asambleas y tópicos varios - 6. Transformación societaria y estatización - 7. Medidas cautelares judiciales. -- II. Sociedad minera: 1. Conceptos y elementos generales - 2. Las Leyes nuevas1 aReyes, Rafael Hugo